000 01075nam a22002297a 4500
003 OSt
005 20250917095335.0
008 240301b ||||| |||| 00| 0 eng d
040 _c0
082 _aDPer 621.317 Ie21 June 2022 v. 37 n. 6
100 _aLingom, P. M.
_eauthor.
_953761
245 _aElectrical submersible pumps :
_ba system modeling approach for power quality analysis with variable frequency drives /
_cP. M. Lingom, Joseph Song-Manguelle, Mamadou Lamine Doumbia, Rodolfo César Costa Flesch, and Tao Jin.
260 _aNew York ;
_bThe Institute of Electrical and Electronics Engineers, Inc. ,
_cJune 2022.
300 _aVolume 37, pages 7039-7054 :
_billustration ;
_c29 cm.
500 _aIEEE Transactions on Power Electronics, vol. 37, no. 6, pages 7039-7054, June 2022.
700 _aLingom, P. M.
_eauthor.
_953761
700 _aSong-Manguelle, Joseph.
_eauthor.
_953762
700 _aDoumbia, Mamadou Lamine.
_eauthor.
_953763
700 _aFlesch, Rodolfo César Costa.
_eauthor.
_953764
700 _aJin, Tao.
_eauthor.
_953765
942 _2ddc
_cPER
999 _c19475
_d19475